000 nam a22 a 4500
999 _c61506
_d61506
003 BLK
005 20221209170404.0
008 180408b bul|||||r ||||||| ||bul||
010 _aKNG00065708000
040 _aBLK
041 _aBUL
_cBUL
080 _aГеодезия. Топографо-геодезични работи. Фотограметрия. Дистанционно сондиране. Картография. Общи въпроси свързани с математика и физика вж 51 и 53
_b528
_x(035)
_z528(035)
100 1 _aПеевски, Васил Цанков
_9290287
139 _aНаръчник по геодезия
_bН 26
245 1 0 _aНаръчник по геодезия
_bТ. 1 -
_cВасил Цанков Пеевски; ред. Васил Цанков Пеевски; ред. Димитър Стойчев.
_nТ. 1
257 _aBGR
260 _aСофия
_bТехника
_c1973 -
300 _c23 см
380 _a5
650 4 _aГеодезия
_9151905
700 1 _aПеевски, Васил Цанков
_eред.
_9370055
700 1 _aСтойчев, Димитър
_eред.
_9290447
760 1 _aПеевски, Васил Цанков
_d1973
_h584 с.: с ил., 5 отд. л. черт.
_nБиблиогр. след отд. гл.
_tТ. 1
852 _aЦб 70032
_bЦб
856 4 _qpdf
856 4 _qpdf
942 _cKNG
_n0
_s1
944 _aCR
_c13.06.2004
_kКети_Илиева
944 _aED
_c28.08.2015
_kГеновева_Генчева